| 000 | 00371nam a2200133Ia 4500 | ||
|---|---|---|---|
| 008 | 240624s9999 xx 000 0 und d | ||
| 041 | _aeng | ||
| 082 | _a179.6 REN | ||
| 100 | _aCENTER FOR COURAGE RENEWAL | ||
| 245 | _aCOURAGE WAY LEADING AND LIVING WITH INTE | ||
| 260 |
_c2018 _aOakland _bBerrett-Koehler Publishers |
||
| 300 | _axvii, 233 p.; 23 cm. | ||
| 365 |
_c _b33 |
||
| 999 |
_c32167 _d32167 |
||